000 01027cam a22003011 4500
001 25848
003 BD-RjUL
005 20211209050933.0
008 140319r19681941enk b 001 0 eng d
035 _a(BD-RjUL)25918
040 _aDLC
_cDLC
_dDLC
_dBD-RjUL
_beng
041 _aeng
082 0 0 _a915.403
_bMOD 1968
100 _d,
_979423
245 1 0 _aModern India and the West :
_ba study of the interaction of their civilizations /
_cedited by L. S. S. O'Malley.
260 _aLondon ;
_aNew York :
_bOxford U.P.,
_c1941 [Printed1968.]
300 _a834 p. ;
_c23 cm.
350 _aunpriced
500 _a"Published under the auspices of the Royal Institute of International Affairs."
504 _aBibliographical footnotes. and Index
651 0 _aIndia
_xCivilization.
_979424
651 0 _aIndia
_xRelations
_zEurope.
_975719
651 0 _aEurope
_xRelations
_zIndia.
_975720
710 2 _aRoyal Institute of International Affairs.
_979425
942 _2ddc
_cBK
999 _c25848
_d25848